Management Control (Record no. 351417)

000 -LEADER
fixed length control field 00501nam a22001817a 4500
003 - CONTROL NUMBER IDENTIFIER
control field OSt
005 - DATE AND TIME OF LATEST TRANSACTION
control field 20180116183046.0
008 - FIXED-LENGTH DATA ELEMENTS--GENERAL INFORMATION
fixed length control field 160719b xxu||||| |||| 00| 0 eng d
020 ## - INTERNATIONAL STANDARD BOOK NUMBER
International Standard Book Number 9781403935359
040 ## - CATALOGING SOURCE
Transcribing agency 0
082 ## - DEWEY DECIMAL CLASSIFICATION NUMBER
Classification number 658.4013 BER 2005
100 ## - MAIN ENTRY--PERSONAL NAME
Personal name Anthony J. Berry
245 ## - TITLE STATEMENT
Title Management Control
Remainder of title Theories, Issues and Performance
Statement of responsibility, etc. Anthony J. Berry
260 ## - PUBLICATION, DISTRIBUTION, ETC.
Place of publication, distribution, etc. Great Britain
Name of publisher, distributor, etc. Palgrave MacMillan
Date of publication, distribution, etc. 2005
300 ## - PHYSICAL DESCRIPTION
Extent 410 p.
Other physical details PB
440 ## - SERIES STATEMENT/ADDED ENTRY--TITLE
Title Management Control
942 ## - ADDED ENTRY ELEMENTS (KOHA)
Source of classification or shelving scheme
Koha item type Book
Holdings
Withdrawn status Lost status Source of classification or shelving scheme Damaged status Not for loan Collection code Permanent Location Current Location Shelving location Date acquired Total Checkouts Full call number Barcode Date last seen Price effective from Koha item type
            Central Library (CL) Central Library (CL) General Stacks 07/19/2016   658.4013 BER 2005 NBSD-2587 07/21/2016 07/19/2016 Book
© 2023 Central Library, National University of Sciences and Technology. All Rights Reserved.